| 000 | 00887nam a2200337Ia 4500 | ||
|---|---|---|---|
| 005 | 20250115124453.0 | ||
| 008 | 008 250103s9999 xx 000 0 eng d | ||
| 020 | _a9789390620456 | ||
| 037 | _aTextual | ||
| 040 |
_aCSL _beng |
||
| 040 | _cCSL | ||
| 041 | _2eng | ||
| 041 | _aeng | ||
| 084 | _aG91 R1 TK | ||
| 084 | _qCSL | ||
| 100 | _aRandhawa, VS | ||
| 245 | 0 | _aEssentials of microbiology CBME based: An integrated clinical based approach | |
| 245 | 0 | _cRandhawa, VS | |
| 260 | _aNew Delhi | ||
| 260 | _bValinderjeet | ||
| 260 | _c2021 | ||
| 300 | _axviii, 870p. Col.ill. | ||
| 650 | _aBotany | ||
| 650 |
_aClinical infection _9732266 |
||
| 650 |
_aDNA Viruses _9732267 |
||
| 650 |
_aFungal diseases _9467268 |
||
| 650 |
_aGeneral virology _9732268 |
||
| 650 | _aImmunology | ||
| 942 |
_cTEXL _hG91 R1 TK |
||
| 999 |
_c1236975 _d1236975 |
||